|
|
|
|
| LEADER |
00000nab a2200000 a 4500 |
| 001 |
vtls000748029 |
| 003 |
SK-MaSNL |
| 005 |
20260304030519.0 |
| 008 |
180207c2000 xo 0 cze |
| 015 |
|
|
|a SNBRB2001/04-09930
|
| 035 |
|
|
|a CLN000099857
|
| 040 |
|
|
|a SNKBUCL
|b slo
|c SNKBUCL
|e AACR2
|
| 041 |
0 |
|
|a cze
|
| 044 |
|
|
|a xo
|c SK
|
| 080 |
|
|
|a 616.62-089
|2 1997
|
| 245 |
0 |
0 |
|a Nová úprava hrdla neoveziky dle Studera
|c F. Záťura ... [et al.]
|
| 650 |
0 |
7 |
|a chirurgia
|2 SNKPH
|9 2178
|
| 650 |
0 |
7 |
|a chirurgická anastomóza
|2 SNK
|9 144228
|
| 650 |
0 |
7 |
|a abstrakty z kongresu
|2 SNKPH
|9 168204
|
| 650 |
0 |
7 |
|a urologické chirurgické výkony
|2 SNK
|9 1308885
|
| 650 |
0 |
7 |
|a močový mechúr
|2 SNKPH
|9 70115
|
| 650 |
0 |
7 |
|a metódy
|2 SNKPH
|9 3855
|
| 655 |
|
7 |
|a články z novín a časopisov
|2 SNK
|9 267496
|
| 700 |
1 |
|
|a Záťura, František,
|d 1951-
|4 aut
|9 202009
|
| 700 |
1 |
|
|a Fiala, R.
|4 aut
|9 905163
|
| 700 |
1 |
|
|a Pernička, J.
|4 aut
|9 907875
|
| 700 |
1 |
|
|a Belej, Kamil,
|d 1972-
|4 aut
|9 196520
|
| 710 |
2 |
|
|a Slovenská urologická spoločnosť.
|b Kongres
|n (13. :
|d 2000 :
|c Štrbské Pleso, Slovensko)
|4 aut
|9 105690
|
| 773 |
0 |
|
|x 1335-3071
|t Urológia
|g Roč. 6, č. 1 (2000), s. 41
|
| 850 |
|
|
|a Slovenská národná knižnica v Martine
|
| 852 |
|
|
|a SNK
|b KIS3GCP
|
| 958 |
|
|
|a MI
|
| 958 |
|
|
|a RBX
|
| 999 |
|
|
|c 2634429
|d 2636359
|